00287nam a2200109Ia 4500008004100000082001000041100001500051245003200066260001500098630003200113730003200145100328s9999 xx 000 0 und d b15725 aSimha L.N. aThe Capital Market of India bVora & Co. aThe Capital Market of India aThe Capital Market of India